Unova Gym Leader's Pokémon - Statistics

General Stats
  • This quiz has been taken 232 times
    212 since last reset
  • The average score is 41 of 58
Answer Stats
Hint Answer % Correct
Cilan BW Pansage
99%
Cress BW Panpour
98%
Chili BW Pansear
98%
Cheren BW2 Watchog
94%
Lenora BW Watchog
94%
Cilan BW Lillipup
93%
Chili BW Lillipup
93%
Cress BW Lillipup
93%
Cheren BW2 Lillipup
93%
Lenora BW Herdier
92%
Roxie BW2 Whirlipede
90%
Burgh BW Whirlipede
90%
Elesa BW Zebstrika
90%
Elesa BW Emolga
89%
Clay BW Excadrill
89%
Burgh BW Leavanny
87%
Cilan BW2 Simisage
87%
Drayden BW Haxorus
86%
Cress BW2 Simipour
86%
Chili BW2 Simisear
86%
Skyla BW Swanna
86%
Brycen BW Beartic
82%
Drayden BW Druddigon
81%
Roxie BW2 Koffing
81%
Cheren BW2 Patrat
81%
Cheren BW2 Stoutland
81%
Skyla BW Unfezant
81%
Clay BW Krokorok
80%
Burgh BW2 Swadloon
79%
Drayden BW Fraxure
78%
Brycen BW Cryogonal
77%
Marlon BW2 Jellicent
74%
Burgh BW Dwebble
73%
Brycen BW Vanillish
69%
Clay BW Palpitoad
67%
Skyla BW Swoobat
65%
Cress BW2 Basculin
61%
Marlon BW2 Wailord
58%
Drayden BW2 Flygon
55%
Roxie BW2 Grimer
55%
Elesa BW2 Flaaffy
54%
Chili BW2 Heatmor
53%
Skyla BW2 Skarmory
52%
Marlon BW2 Carracosta
50%
Cheren BW2 Pidove
50%
Drayden BW2 Altaria
49%
Chili BW2 Darmanitan
49%
Cilan BW2 Maractus
47%
Elesa BW2 Joltik
46%
Cilan BW2 Ferrothorn
44%
Burgh BW2 Karrablast
43%
Skyla BW2 Sigilyph
43%
Burgh BW2 Shelmet
42%
Marlon BW2 Mantine
41%
Clay BW2 Sandslash
41%
Cheren BW2 Cinccino
36%
Clay BW2 Onix
30%
Cress BW2 Slowking
27%
No matching quizzes found
Score Distribution
Percent of People with Each Score
Percentile by Number Answered
Your Score History
You have not taken this quiz since the last reset